[Event "BCF-chT3N 1920 (4NCL)"]
[Site "England"]
[Date "2020.02.09"]
[Round "6.14"]
[White "Hinchcliffe, Gary"]
[Black "Reed, John"]
[Result "1/2-1/2"]
[WhiteElo "1862"]
[BlackElo "1982"]
[PlyCount "61"]
[EventDate "2019.11.09"]
[EventType "team-swiss"]
[EventRounds "11"]
[EventCountry "ENG"]
[SourceTitle "EXT 2022"]
[Source "ChessBase"]
[SourceDate "2021.10.06"]
[SourceVersion "1"]
[SourceVersionDate "2021.10.06"]
[SourceQuality "1"]
[WhiteTeam "Shropshire II"]
[BlackTeam "Manchester Manticores II"]
[WhiteTeamCountry "ENG"]
[BlackTeamCountry "ENG"]

1. d4 Nf6 2. Bf4 g6 3. Nf3 d6 4. e3 Bg7 5. Nbd2 0-0 6. Be2 Nbd7 7. h3 b6 8. 0-0 Bb7 9. c3 c5 10. Qb3 a6 11. a4 Rc8 12. Qa2 Rc7 13. b4 cxb4 14. cxb4 Qa8 15. Rfc1 Rfc8 16. Rxc7 Rxc7 17. Bc4 Bd5 18. Bg3 Bxc4 19. Nxc4 Ne4 20. Bh4 Kf8 21. Ncd2 Nxd2 22. Qxd2 Qc8 23. Ra2 Nf6 24. Bxf6 Bxf6 25. Ne1 e5 26. dxe5 Bxe5 27. Rc2 Ke7 28. Kf1 Bc3 29. Qd3 Bxe1 30. Rxc7+ Qxc7 31. Kxe1 1/2-1/2

[Event "BCF-chT3N 1920 (4NCL)"]
[Site "England"]
[Date "2019.11.09"]
[Round "1.65"]
[White "Miles, Richard"]
[Black "Hinchcliffe, Gary"]
[Result "1-0"]
[WhiteElo "1964"]
[BlackElo "1862"]
[PlyCount "89"]
[EventDate "2019.11.09"]
[EventType "team-swiss"]
[EventRounds "11"]
[EventCountry "ENG"]
[SourceTitle "EXT 2022"]
[Source "ChessBase"]
[SourceDate "2021.10.06"]
[SourceVersion "1"]
[SourceVersionDate "2021.10.06"]
[SourceQuality "1"]
[WhiteTeam "Spirit of Atticus II"]
[BlackTeam "Shropshire II"]
[WhiteTeamCountry "ENG"]
[BlackTeamCountry "ENG"]

1. d4 d5 2. c4 c6 3. Nc3 Nf6 4. Nf3 e6 5. e3 Nbd7 6. Qc2 Be7 7. Bd2 a6 8. h3 dxc4 9. Bxc4 b5 10. Bd3 Bb7 11. Ne4 Nxe4 12. Bxe4 Qb6 13. b4 Nf6 14. Bd3 Nd5 15. a3 Bf6 16. 0-0 g6 17. Rac1 0-0 18. e4 Ne7 19. Be3 Qd8 20. Qb3 Qd7 21. Rfd1 Rfd8 22. Be2 Rac8 23. Qc2 Qe8 24. Qc5 Qd7 25. h4 Bg7 26. Bg5 f6 27. Bf4 Bf8 28. Qc2 Ra8 29. Qb3 Kg7 30. Nh2 Nc8 31. Ng4 Be7 32. Qg3 Qe8 33. f3 a5 34. Bc7 Rd7 35. Bxa5 Bd8 36. Qf4 Qe7 37. e5 f5 38. Qh6+ Kh8 39. Nf6 Nb6 40. Nxd7 Nxd7 41. Bxd8 Qxd8 42. h5 Qh4 43. Rc3 Rg8 44. f4 gxh5 45. Qxe6 1-0

[Event "Harrogate 4NCL op-B 17th"]
[Site "Harrogate"]
[Date "2018.01.21"]
[Round "4"]
[White "Pink, Joshua"]
[Black "Hinchcliffe, Gary"]
[Result "1-0"]
[WhiteElo "1893"]
[BlackElo "1856"]
[PlyCount "75"]
[EventDate "2018.01.19"]
[EventType "swiss"]
[EventRounds "5"]
[EventCountry "ENG"]
[SourceTitle "CBM 182 Extra"]
[Source "ChessBase"]
[SourceDate "2018.02.23"]
[SourceVersion "1"]
[SourceVersionDate "2018.02.23"]
[SourceQuality "1"]

1. e4 e6 2. d4 d5 3. Nd2 dxe4 4. Nxe4 Nd7 5. d5 exd5 6. Qxd5 Be7 7. Bc4 Bb4+ 8. c3 Qe7 9. Be3 Bd6 10. Nxd6+ cxd6 11. 0-0-0 Ngf6 12. Qxd6 Qxd6 13. Rxd6 0-0 14. Nf3 Ne4 15. Rd4 Ndf6 16. Ng5 Nxg5 17. Bxg5 h6 18. Bxf6 gxf6 19. Re1 f5 20. Re7 Kg7 21. Rd6 Rb8 22. Bd5 a6 23. Kd2 f4 24. Kd3 Bf5+ 25. Be4 Bxe4+ 26. Kxe4 Rfe8 27. Rxe8 Rxe8+ 28. Kxf4 Re2 29. Rb6 Rxf2+ 30. Kg3 Rc2 31. Rxb7 a5 32. Kf3 a4 33. a3 Kg6 34. Rb4 f6 35. c4 f5 36. c5 Rxc5 37. Rxa4 h5 38. h4 1-0

[Event "Wakefield 4NCL op-B 10th"]
[Site "Wakefield"]
[Date "2016.09.10"]
[Round "2.3"]
[White "Hinchcliffe, Gary"]
[Black "Obi, Marc On"]
[Result "1-0"]
[WhiteElo "1918"]
[BlackElo "1815"]
[PlyCount "113"]
[EventDate "2016.09.09"]
[EventType "swiss"]
[EventRounds "5"]
[EventCountry "ENG"]
[SourceTitle "EXT 2023"]
[Source "ChessBase"]
[SourceDate "2022.10.05"]
[SourceVersion "1"]
[SourceVersionDate "2022.10.05"]
[SourceQuality "1"]

1. d4 g6 2. Nf3 Bg7 3. Bf4 d6 4. e3 Nd7 5. c3 e5 6. dxe5 dxe5 7. Bg5 Ngf6 8. Nbd2 0-0 9. Bc4 Qe7 10. Ne4 h6 11. Nxf6+ Nxf6 12. Bh4 e4 13. Nd2 Rd8 14. Qc2 Bf5 15. h3 g5 16. g4 Be6 17. Bxe6 Qxe6 18. Bg3 c5 19. Qb3 Qd7 20. 0-0-0 Qe7 21. Nc4 b6 22. Rxd8+ Rxd8 23. Rd1 h5 24. Rxd8+ Qxd8 25. Nd6 Qd7 26. gxh5 Nxh5 27. Nxe4 Nxg3 28. Nxg3 Qxh3 29. Qd5 Qg4 30. Qa8+ Kh7 31. Qxa7 Qf3 32. Qe7 Kg6 33. Qe4+ Qxe4 34. Nxe4 Kf5 35. Nd2 Kg4 36. Kd1 Kh3 37. Ke2 f5 38. Nc4 b5 39. Nd6 b4 40. cxb4 cxb4 41. a3 bxa3 42. bxa3 f4 43. exf4 gxf4 44. Kf3 Bd4 45. a4 Kh2 46. a5 Kg1 47. Ne4 Be5 48. a6 Bb8 49. Nc3 Ba7 50. Ne2+ Kf1 51. Nxf4 Bxf2 52. Ke4 Ba7 53. Kd5 Kf2 54. Kc6 Ke3 55. Kb7 Bc5 56. Nd5+ Kd4 57. Nb6 1-0

[Event "BCF-ch Major op"]
[Site "North Shields"]
[Date "2012.08.01"]
[Round "9.50"]
[White "Batchelor, Guy J"]
[Black "Hinchcliffe, Gary"]
[Result "0-1"]
[WhiteElo "1849"]
[BlackElo "1931"]
[PlyCount "122"]
[EventDate "2012.07.23"]
[EventType "swiss"]
[EventRounds "11"]
[EventCountry "ENG"]
[SourceTitle "EXT 2023"]
[Source "ChessBase"]
[SourceDate "2022.10.05"]
[SourceVersion "1"]
[SourceVersionDate "2022.10.05"]
[SourceQuality "1"]

1. e4 e6 2. d4 d5 3. Nc3 dxe4 4. Nxe4 Nd7 5. Nf3 Ngf6 6. Nxf6+ Nxf6 7. Bd3 c5 8. dxc5 Bxc5 9. Bg5 0-0 10. Qe2 Be7 11. h4 h6 12. 0-0-0 Qa5 13. Kb1 Qc5 14. Be3 Qc7 15. Bd4 Nd5 16. g4 Nb4 17. Be5 Qa5 18. Bc4 b5 19. Bb3 Nc6 20. Bf4 Qb4 21. Ne5 Nxe5 22. Bxe5 Bb7 23. Rh3 Rfd8 24. a3 Rxd1+ 25. Qxd1 Qe4 26. Re3 Qh1 27. Re1 Qxh4 28. Bg3 Qf6 29. Qd7 Bf3 30. Qxb5 Bxg4 31. Bc4 h5 32. Re4 Qf3 33. Rf4 Qd1+ 34. Ka2 Rd8 35. Bd3 Qh1 36. Be4 Qd1 37. f3 Bf5 38. Bxf5 exf5 39. Rxf5 g6 40. Re5 Bf6 41. Re8+ Rxe8 42. Qxe8+ Kg7 43. Qe4 Qd4 44. Qxd4 Bxd4 45. b4 g5 46. Kb3 Kf6 47. f4 g4 48. Kc4 Bb2 49. b5 Bxa3 50. Kd5 Kf5 51. Bf2 Bc1 52. Bxa7 Bxf4 53. b6 g3 54. b7 g2 55. Be3 Bb8 56. Kc6 Ke6 57. Bb6 h4 58. Bc7 Bxc7 59. Kxc7 g1Q 60. b8Q Qg3+ 61. Kb7 Qxb8+ 0-1

[Event "BCF-ch Major op"]
[Site "North Shields"]
[Date "2012.07.30"]
[Round "7.53"]
[White "Hinchcliffe, Gary"]
[Black "O'Donnell, Joe"]
[Result "1-0"]
[WhiteElo "1931"]
[BlackElo "1920"]
[PlyCount "63"]
[EventDate "2012.07.23"]
[EventType "swiss"]
[EventRounds "11"]
[EventCountry "ENG"]
[SourceTitle "EXT 2023"]
[Source "ChessBase"]
[SourceDate "2022.10.05"]
[SourceVersion "1"]
[SourceVersionDate "2022.10.05"]
[SourceQuality "1"]

1. d4 e6 2. Nf3 Nf6 3. Bf4 c5 4. c3 cxd4 5. cxd4 b5 6. e3 a6 7. Bd3 Bb7 8. 0-0 Be7 9. h3 0-0 10. Nbd2 d6 11. Qe2 Nd5 12. Bh2 Nb4 13. Be4 Bxe4 14. Nxe4 Qb6 15. a3 Nd5 16. Rfc1 f6 17. Rc2 e5 18. Qd3 Qb7 19. Rd1 Nb6 20. Rdc1 Nd5 21. Qb3 Kh8 22. Nc3 Nc7 23. Ne2 Bd8 24. Qb4 Qb6 25. dxe5 Ne8 26. exd6 a5 27. Qc5 Nd7 28. Qxb6 Nxb6 29. Ned4 b4 30. Ne6 Rf7 31. Rc6 Nd7 32. Nc7 1-0

[Event "GBR-ch Major 98th"]
[Site "Sheffield"]
[Date "2011.07.29"]
[Round "5"]
[White "Hinchcliffe, Gary"]
[Black "Pickering, Anthony"]
[Result "1-0"]
[WhiteElo "2037"]
[BlackElo "1897"]
[PlyCount "71"]
[EventDate "2011.07.25"]
[EventType "swiss"]
[EventRounds "11"]
[EventCountry "ENG"]
[SourceTitle "EXT 2012"]
[Source "ChessBase"]
[SourceDate "2011.11.24"]
[SourceVersion "1"]
[SourceVersionDate "2011.11.24"]
[SourceQuality "1"]

1. d4 Nf6 2. Nf3 e6 3. Bf4 c5 4. c3 cxd4 5. cxd4 Bb4+ 6. Nbd2 Ne4 7. Qc2 Nxd2 8. Nxd2 Nc6 9. e3 d5 10. a3 Bd6 11. Bg3 0-0 12. Bb5 Ne7 13. Bd3 g6 14. Rc1 Bxg3 15. hxg3 Bd7 16. Qb3 Bc6 17. Ke2 Kg7 18. Nf3 f6 19. g4 h6 20. Nd2 e5 21. dxe5 fxe5 22. Qc3 d4 23. Qc5 Nd5 24. Nf3 Qf6 25. Be4 Nf4+ 26. exf4 Bxe4 27. Nxe5 Qxf4 28. Qe7+ Rf7 29. Qxf7+ Qxf7 30. Nxf7 Kxf7 31. f3 Bc6 32. Rxh6 Bb5+ 33. Kd2 Kf6 34. Rc5 a6 35. Rh7 Re8 36. Rxb5 1-0

[Event "GBR-ch Major 98th"]
[Site "Sheffield"]
[Date "2011.07.26"]
[Round "2"]
[White "Dale, Hannah"]
[Black "Hinchcliffe, Gary"]
[Result "1/2-1/2"]
[WhiteElo "1803"]
[BlackElo "2037"]
[PlyCount "46"]
[EventDate "2011.07.25"]
[EventType "swiss"]
[EventRounds "11"]
[EventCountry "ENG"]
[SourceTitle "EXT 2012"]
[Source "ChessBase"]
[SourceDate "2011.11.24"]
[SourceVersion "1"]
[SourceVersionDate "2011.11.24"]
[SourceQuality "1"]

1. d4 d5 2. c4 c6 3. Nc3 Nf6 4. Bf4 e6 5. e3 Nbd7 6. Bd3 Be7 7. Nf3 dxc4 8. Bxc4 b5 9. Bd3 Bb7 10. 0-0 0-0 11. Qe2 b4 12. Ne4 Nxe4 13. Bxe4 Nf6 14. Nd2 Nxe4 15. Nxe4 Qd5 16. f3 c5 17. Nxc5 Bxc5 18. dxc5 e5 19. Rfd1 Qxc5 20. Bg3 Rac8 21. Rd2 Rfd8 22. Rad1 Rxd2 23. Qxd2 f6 1/2-1/2